000 00724nam a2200289Ia 4500
005 20260324143142.0
008 008 260324s9999 xx 000 0 eng d
020 _a9780429310263
037 _aEBOOK
040 _aCRL
040 _beng
040 _cCRL
041 _2eng
041 _aeng
084 _qCRL
100 _aJames Roumasset; Susan Barr
_91214576
245 4 _aThe Economics Of Cooperation
245 0 _bEast Asian Development And The Case For Pro-market Intervention
260 _bTaylor and Francis
260 _c1992
365 _a
365 _b230
856 _uhttp://www.taylorfrancis.com/books/9780429310263
942 _cEBOOK
999 _c1819642
_d1819642